| 000 | 00613nam a2200193Ia 4500 | ||
|---|---|---|---|
| 003 | GCL | ||
| 008 | 140319s9999 xx 000 0 ara d | ||
| 040 |
_aGCL / _cGCL |
||
| 082 | 0 | 4 |
_a709.1 _bح م |
| 100 | 1 | _aحسن يحيى | |
| 245 | 1 | 0 |
_aالموسوعة العربية فى الزخارف والرسوم الاسلامية / _cحسن يحيى |
| 300 | _a200 ص | ||
| 490 |
_aالهيئة العامة للاستعلامات _v0 |
||
| 650 | 0 | 4 | _aالفنون |
| 650 | 0 | 4 | _aالفن الاسبانى |
| 650 | 0 | 4 | _aالفن الاسلامى |
| 650 | 0 | 4 | _aالزخرفة الاسلامية |
| 942 |
_2ddc _cBK |
||
| 999 |
_c49106 _d49106 |
||